000 00477nam a22001697a 4500
005 20251108171140.0
008 250721s9999 xx 000 0 ara d
082 1 4 _aط/551.482/ابر
100 1 _aالغوري، إبراهيم حلمي
245 1 0 _aالبحيرات /
264 1 _aحلب :
_bدار ربيع للنشر،
_c[19-].
300 _a
490 0 _aالمجموعة الجغرافية
650 1 7 _aالبحيرات
942 _2ddc
_cBK
999 _c57861
_d57861